[Event "18th Oscaro.com Open 2014"]
[Site "Bastia FRA"]
[Date "2014.10.18"]
[Round "1.1"]
[White "Dellapina, Florian"]
[Black "Ruck, Robert"]
[Result "1-0"]
[BlackTitle "GM"]
[WhiteElo "1509"]
[BlackElo "2568"]
[WhiteFideId "20676794"]
[BlackFideId "705713"]
[EventDate "2014.10.18"]

1. d4 d5 2. c4 c6 3. Nf3 e6 4. e3 f5 5. Bd3 Nf6 6. O-O Be7 7. b3 O-O 8. Ba3 Bxa3
9. Nxa3 b6 10. Qc2 Bb7 11. Rac1 Nbd7 12. cxd5 cxd5 13. Qc7 Qxc7 14. Rxc7 Rab8
15. Nb5 Ba6 16. Rxa7 Bxb5 17. Bxb5 Rf7 18. Rc1 Nf8 19. Rxf7 Kxf7 20. Ne5+ Kg8
21. f3 Rb7 22. Rc8 g6 23. a4 Kg7 24. Kf2 Kg8 25. h3 Kg7 26. g4 Kg8 27. g5 1-0

[Event "18th Oscaro.com Open 2014"]
[Site "Bastia FRA"]
[Date "2014.10.18"]
[Round "1.2"]
[White "Tregubov, Pavel V."]
[Black "Porsia, Enzo"]
[Result "0-1"]
[WhiteTitle "GM"]
[WhiteElo "2607"]
[BlackElo "1533"]
[WhiteFideId "4115341"]
[BlackFideId "26024217"]
[EventDate "2014.10.18"]

1. e4 c5 2. Nf3 d6 3. Nc3 a6 4. Bc4 e6 5. d3 Nc6 6. O-O g6 7. Be3 Bg7 8. Nd2
Nge7 9. f4 d5 10. Bb3 d4 11. Qf3 dxe3 12. Qxe3 Bd4 0-1

[Event "18th Oscaro.com Open 2014"]
[Site "Bastia FRA"]
[Date "2014.10.18"]
[Round "1.3"]
[White "Cesari, Cathy"]
[Black "Swiercz, Dariusz"]
[Result "0-1"]
[BlackTitle "GM"]
[WhiteElo "1535"]
[BlackElo "2614"]
[WhiteFideId "20648243"]
[BlackFideId "1126881"]
[EventDate "2014.10.18"]

1. e4 c5 2. Nf3 e6 3. Nc3 a6 4. d4 cxd4 5. Nxd4 Qc7 6. Be2 Nf6 7. O-O Bc5 8. Be3
O-O 9. Rb1 d6 10. Qd2 Nbd7 11. Nb3 Bxe3 12. Qxe3 b5 13. a3 Bb7 14. Rfd1 Rac8 15.
Nd4 Rfd8 16. Bf3 Ne5 17. b4 Qxc3 18. Rb3 Qxe3 19. Rxe3 Nc4 20. e5 Nxe3 21. fxe3
Bxf3 22. gxf3 dxe5 0-1

[Event "18th Oscaro.com Open 2014"]
[Site "Bastia FRA"]
[Date "2014.10.18"]
[Round "1.4"]
[White "Kovalenko, Igor"]
[Black "Tomasi, Elise"]
[Result "1-0"]
[WhiteTitle "GM"]
[WhiteElo "2650"]
[BlackElo "1540"]
[WhiteFideId "14117908"]
[BlackFideId "26088843"]
[EventDate "2014.10.18"]

1. e4 e5 2. Nf3 Nc6 3. Bc4 Bc5 4. O-O Nf6 5. b4 Bb6 6. a4 a6 7. Nc3 O-O 8. Ba3
d6 9. h3 Nd4 10. Rb1 Be6 11. Bxe6 fxe6 12. a5 Ba7 13. b5 axb5 14. Nxd4 exd4 15.
Nxb5 Bc5 16. Bxc5 dxc5 17. Na3 Rxa5 18. Nc4 Ra7 19. d3 b6 20. f4 Qd7 21. Qe2
Raa8 22. g4 b5 23. Ne5 Qe8 24. Nf3 Rb8 25. Rf2 Nd7 26. f5 e5 27. Ng5 Qe7 28. Ne6
Rfc8 29. h4 Nf8 30. Ng5 h6 31. Nf3 Nh7 32. Rg2 Kh8 33. g5 Rg8 34. Qf2 Rb6 35.
Qg3 Re8 36. Ra1 Nf8 37. f6 gxf6 38. gxf6 Qf7 39. Nxe5 Rxe5 40. Qg7+ Qxg7 41.
fxg7+ Kg8 42. Ra8 1-0

[Event "18th Oscaro.com Open 2014"]
[Site "Bastia FRA"]
[Date "2014.10.18"]
[Round "1.5"]
[White "Morel, Anthony"]
[Black "Edouard, Romain"]
[Result "1-0"]
[BlackTitle "GM"]
[WhiteElo "1546"]
[BlackElo "2659"]
[WhiteFideId "26075601"]
[BlackFideId "633429"]
[EventDate "2014.10.18"]

1. e4 c5 2. Nf3 e6 3. d4 cxd4 4. Nxd4 Nc6 5. Nc3 a6 6. Nxc6 bxc6 7. Bd3 d5 8.
O-O d4 9. Na4 Nf6 10. c3 c5 11. cxd4 cxd4 12. Bf4 Be7 13. Rc1 O-O 14. Bc7 Qe8
15. Nb6 Ra7 16. Bb8 Rb7 17. Rxc8 Rxb8 18. Rxe8 Rfxe8 19. Nc4 Nd7 20. Bc2 Bf6 21.
Ba4 Red8 22. Bxd7 Rxd7 23. e5 Bg5 24. Nd6 Rxb2 25. Qxd4 Rd2 26. Qa4 Rd8 27. g3
Be7 28. Qf4 1-0

[Event "18th Oscaro.com Open 2014"]
[Site "Bastia FRA"]
[Date "2014.10.18"]
[Round "1.6"]
[White "Balogh, Csaba"]
[Black "Oster, Jean-Marie"]
[Result "0-1"]
[WhiteTitle "GM"]
[WhiteElo "2660"]
[BlackElo "1558"]
[WhiteFideId "718939"]
[BlackFideId "638013"]
[EventDate "2014.10.18"]

1. e4 e6 2. d4 d5 3. exd5 exd5 4. c4 Nf6 5. Nc3 Be7 6. Nf3 O-O 7. Be2 dxc4 8.
Bxc4 Bg4 9. Be3 Nc6 10. Qb3 Bxf3 11. gxf3 Nxd4 12. Qxb7 Rb8 13. Qxa7 Nc2+ 14.
Ke2 Rxb2 15. Rad1 Nxe3+ 16. Kxe3 Bd6 17. f4 Qe7+ 18. Kf3 Bc5 19. Nd5 Qe4+ 0-1

[Event "18th Oscaro.com Open 2014"]
[Site "Bastia FRA"]
[Date "2014.10.18"]
[Round "1.8"]
[White "Saric, Ivan"]
[Black "Porsia, Pietro"]
[Result "1-0"]
[WhiteTitle "GM"]
[WhiteElo "2678"]
[BlackElo "1566"]
[WhiteFideId "14508150"]
[BlackFideId "26024225"]
[EventDate "2014.10.18"]

1. e4 e5 2. Nf3 Nc6 3. Bc4 d6 4. O-O Nf6 5. Ng5 d5 6. exd5 Nxd5 7. Nxf7 Kxf7 8.
Qf3+ Qf6 9. Bxd5+ Be6 10. Bxe6+ Kxe6 11. Qb3+ Kd7 12. Nc3 Bd6 13. d3 b6 14. Be3
Rhe8 15. Ne4 Qe6 16. Qa4 Rab8 17. c4 Be7 18. Rfd1 Kc8 19. a3 Nd4 20. Bxd4 exd4
21. Qxa7 Qc6 22. Qa6+ Kd7 23. a4 Ra8 24. Qb5 Qxb5 25. axb5 c6 26. bxc6+ Kxc6 27.
g3 Ra5 28. Kg2 Rea8 29. Rab1 b5 30. cxb5+ Rxb5 31. Rdc1+ Kd7 32. Rc4 Rb4 33.
Rbc1 Rab8 34. Rxb4 Rxb4 35. Rc4 Rxc4 36. dxc4 Bb4 37. Kf3 Ke6 38. Ke2 Ba5 39.
Kd3 Bc7 40. b4 Be5 41. f4 Bf6 42. Nxf6 gxf6 43. Kxd4 1-0

[Event "18th Oscaro.com Open 2014"]
[Site "Bastia FRA"]
[Date "2014.10.18"]
[Round "2.1"]
[White "Costa, Pierre-Mathieu"]
[Black "Saric, Ivan"]
[Result "0-1"]
[BlackTitle "GM"]
[WhiteElo "1972"]
[BlackElo "2678"]
[WhiteFideId "639001"]
[BlackFideId "14508150"]
[EventDate "2014.10.18"]

1. d4 Nf6 2. c4 g6 3. Nc3 Bg7 4. e4 d6 5. f3 O-O 6. Bg5 Nbd7 7. Qd2 a6 8. g4 c5
9. d5 b5 10. Bh6 Ne5 11. Bxg7 Kxg7 12. cxb5 axb5 13. Bxb5 Qa5 14. h3 Ba6 15.
Bxa6 Qxa6 16. Kf2 Rfb8 17. Rb1 Qd3 18. Qc1 Qd4+ 19. Kg3 Nd3 20. Qc2 h5 21. Rh2
Rxb2 22. Rxb2 h4+ 23. Kxh4 Qe5 0-1

[Event "18th Oscaro.com Open 2014"]
[Site "Bastia FRA"]
[Date "2014.10.18"]
[Round "2.2"]
[White "Fedorchuk, Sergey A."]
[Black "Tomasi, Albert"]
[Result "1-0"]
[WhiteTitle "GM"]
[WhiteElo "2673"]
[BlackElo "1945"]
[WhiteFideId "14102536"]
[BlackFideId "26063620"]
[EventDate "2014.10.18"]

1. e4 e5 2. Nf3 Nc6 3. Bb5 a6 4. Ba4 Nf6 5. d3 b5 6. Bb3 Be7 7. Nc3 d6 8. a4 b4
9. Nd5 a5 10. c3 bxc3 11. bxc3 O-O 12. O-O Rb8 13. Bc4 Bd7 14. h3 Nxd5 15. Bxd5
Na7 16. d4 exd4 17. cxd4 Nc8 18. Bd2 Nb6 19. Bb3 Ra8 20. Bc3 Bf6 21. e5 dxe5 22.
dxe5 Be7 23. Qc2 Bc6 24. Rfd1 Qc8 25. Nd4 Bd5 26. Bxd5 Nxd5 27. Nc6 Qe6 28. Bxa5
Ra6 29. Nxe7+ Nxe7 30. Bb4 Re8 31. Bxe7 Qxe7 32. Rd5 c6 33. Rc5 g6 34. a5 Rb8
35. Qc3 Rb5 36. Rxb5 1-0

[Event "18th Oscaro.com Open 2014"]
[Site "Bastia FRA"]
[Date "2014.10.18"]
[Round "2.3"]
[White "Connat, Ludovic"]
[Black "Balogh, Csaba"]
[Result "0-1"]
[BlackTitle "GM"]
[WhiteElo "1963"]
[BlackElo "2660"]
[WhiteFideId "635510"]
[BlackFideId "718939"]
[EventDate "2014.10.18"]

1. e4 c5 2. d4 cxd4 3. c3 d3 4. Bxd3 Nc6 5. Nf3 g6 6. O-O Bg7 7. Qe2 d6 8. h3
Nf6 9. Rd1 Nd7 10. Be3 O-O 11. Nbd2 b6 12. Rac1 Bb7 13. Nb3 Nce5 14. Nxe5 Nxe5
15. f4 Nxd3 16. Qxd3 Qc7 17. Rf1 Qc6 18. Rce1 f5 19. Nd4 Qxe4 20. Qxe4 Bxe4 21.
Ne6 Rfc8 22. Nxg7 Kxg7 23. Bd4+ Kf7 24. Rf2 b5 25. a3 a5 26. g4 Ke6 27. Rfe2 Kd5
28. Rd2 Kc4 29. Bf2 Kb3 30. Be3 Rc4 31. Rf2 Rf8 32. Bc1 fxg4 33. hxg4 h5 34. g5
d5 35. Kh2 e5 36. Kg3 exf4+ 37. Bxf4 Bc2 38. Bc1 Rg4+ 39. Kh2 Rxf2+ 0-1

[Event "18th Oscaro.com Open 2014"]
[Site "Bastia FRA"]
[Date "2014.10.18"]
[Round "2.4"]
[White "Edouard, Romain"]
[Black "Alliot, Kevin"]
[Result "1-0"]
[WhiteTitle "GM"]
[WhiteElo "2659"]
[BlackElo "1857"]
[WhiteFideId "633429"]
[BlackFideId "20639872"]
[EventDate "2014.10.18"]

1. d4 d5 2. c4 e6 3. Nc3 Be7 4. Bf4 c6 5. e3 Nf6 6. Nf3 O-O 7. Bd3 Nbd7 8. O-O
b6 9. Rc1 Ba6 10. Ne5 Rc8 11. cxd5 Bxd3 12. Nxc6 Rxc6 13. dxc6 Ba6 14. Re1 Re8
15. Qa4 Nf8 16. Qxa6 1-0

[Event "18th Oscaro.com Open 2014"]
[Site "Bastia FRA"]
[Date "2014.10.18"]
[Round "2.5"]
[White "Mazza, Stephano"]
[Black "Kovalenko, Igor"]
[Result "0-1"]
[BlackTitle "GM"]
[WhiteElo "1817"]
[BlackElo "2650"]
[WhiteFideId "26033259"]
[BlackFideId "14117908"]
[EventDate "2014.10.18"]

1. c4 e5 2. g3 c6 3. Bg2 d5 4. cxd5 cxd5 5. d4 e4 6. Nc3 Nc6 7. Nh3 Bxh3 8. Bxh3
Bb4 9. a3 Bxc3+ 10. bxc3 Nge7 11. O-O O-O 12. Rb1 Na5 13. f3 exf3 14. Rxf3 Ng6
15. Qd3 b6 16. Bg2 Qd7 17. Rf5 Ne7 18. Rh5 g6 19. Rh4 f5 20. Bf4 Nc4 21. Bg5 Rf7
22. Qf3 Rd8 23. a4 Qxa4 24. Qf4 Qd7 25. Rh6 a6 26. h4 Rc8 27. h5 Rc6 28. hxg6
Rxg6 29. Kf2 Qe6 30. Rbh1 Nd6 31. Rxg6+ Nxg6 32. Qd2 Ne4+ 33. Bxe4 fxe4+ 34. Ke1
Qg4 35. Qe3 b5 36. Rf1 Rxf1+ 37. Kxf1 Qf5+ 38. Kg2 a5 39. Bf4 a4 40. Bc7 Kg7 41.
Qd2 Qg4 42. Qb2 Qd7 43. Bf4 0-1

[Event "18th Oscaro.com Open 2014"]
[Site "Bastia FRA"]
[Date "2014.10.18"]
[Round "2.6"]
[White "Swiercz, Dariusz"]
[Black "Dimitrov, Daniel1"]
[Result "1-0"]
[WhiteTitle "GM"]
[WhiteElo "2614"]
[BlackElo "1811"]
[WhiteFideId "1126881"]
[BlackFideId "2917351"]
[EventDate "2014.10.18"]

1. d4 Nf6 2. Nf3 c5 3. d5 d6 4. Nc3 e5 5. e4 a6 6. a4 Be7 7. Be2 Nbd7 8. O-O Nf8
9. Nd2 Ng6 10. Nc4 b6 11. Rb1 h5 12. b4 Bd7 13. bxc5 bxc5 14. Nb6 Ra7 15. Nxd7
Qxd7 16. Rb8+ Bd8 17. Nb5 h4 18. Bg5 O-O 19. Nxa7 Qxa7 20. Qb1 Ba5 21. Rxf8+
Kxf8 22. Bxf6 gxf6 23. g3 Bc3 24. Qb3 Bb4 25. Qc4 Qd7 26. Qxa6 Qc7 27. Bg4 Kg7
28. Rb1 hxg3 29. hxg3 Ne7 30. Kg2 Qd8 31. Rh1 Qc7 32. Qa8 Ng8 33. Bf5 Nh6 34.
Rxh6 Kxh6 35. Qh8+ Kg5 36. Qh4# 1-0

[Event "18th Oscaro.com Open 2014"]
[Site "Bastia FRA"]
[Date "2014.10.18"]
[Round "2.8"]
[White "Ruck, Robert"]
[Black "Guillemart, Serge"]
[Result "1-0"]
[WhiteTitle "GM"]
[WhiteElo "2568"]
[BlackElo "1790"]
[WhiteFideId "705713"]
[BlackFideId "26015579"]
[EventDate "2014.10.18"]

1. Nf3 Nf6 2. c4 g6 3. d4 Bg7 4. g3 O-O 5. Bg2 c5 6. d5 d6 7. O-O a6 8. a4 Ne4
9. Qc2 Bf5 10. g4 Bxg4 11. Qxe4 Bf5 12. Qh4 Nd7 13. e4 1-0

[Event "18th Oscaro.com Open 2014"]
[Site "Bastia FRA"]
[Date "2014.10.18"]
[Round "3.1"]
[White "Saric, Ivan"]
[Black "Villegas, Pierre"]
[Result "1-0"]
[WhiteTitle "GM"]
[BlackTitle "FM"]
[WhiteElo "2678"]
[BlackElo "2299"]
[WhiteFideId "14508150"]
[BlackFideId "654183"]
[EventDate "2014.10.18"]

1. e4 c6 2. d4 d5 3. e5 Bf5 4. h4 h5 5. Bd3 Bxd3 6. Qxd3 e6 7. Bg5 Qb6 8. Nd2 c5
9. c4 Qxb2 10. Rb1 Qxd4 11. Qe2 dxc4 12. Nxc4 Nc6 13. Nf3 Qd7 14. O-O f6 15.
Rfd1 Nd4 16. Nxd4 cxd4 17. Qe4 Qd5 18. Qg6+ Kd7 19. exf6 gxf6 20. Bxf6 Nxf6 21.
Qxf6 Be7 22. Ne5+ Kd6 23. Nf7+ Kd7 24. Rxb7+ Qxb7 25. Rxd4+ Ke8 26. Qxh8+ Kxf7
27. Qxh5+ Kf8 28. Rf4+ Kg8 29. Qg6+ Kh8 30. Qh6+ Kg8 31. Rg4+ Kf7 32. Qg6+ Kf8
33. Qg8# 1-0

[Event "18th Oscaro.com Open 2014"]
[Site "Bastia FRA"]
[Date "2014.10.18"]
[Round "3.2"]
[White "Humeau, Cyril"]
[Black "Fedorchuk, Sergey A."]
[Result "0-1"]
[WhiteTitle "FM"]
[BlackTitle "GM"]
[WhiteElo "2307"]
[BlackElo "2673"]
[WhiteFideId "624748"]
[BlackFideId "14102536"]
[EventDate "2014.10.18"]

1. c4 Nf6 2. g3 e5 3. Bg2 Bc5 4. Nc3 O-O 5. Nf3 d6 6. O-O Nc6 7. d3 h6 8. a3 a6
9. b4 Ba7 10. Bb2 Ne7 11. Rc1 Ng6 12. Qc2 Re8 13. a4 Be6 14. Nd2 Qc8 15. Nd5 Nh7
16. b5 Ng5 17. Ne4 Nxe4 18. Bxe4 Bc5 19. e3 c6 20. Nc3 Nf8 21. Ne2 Bh3 22. bxc6
bxc6 23. Rfd1 Rb8 24. Rb1 Ne6 25. d4 exd4 26. Nxd4 Ng5 27. Bh1 Qg4 28. f3 Bxd4
29. Bxd4 Nxf3+ 30. Bxf3 Qxf3 31. Qf2 Qe4 32. Rxb8 Rxb8 33. c5 Rb1 0-1

[Event "18th Oscaro.com Open 2014"]
[Site "Bastia FRA"]
[Date "2014.10.18"]
[Round "3.3"]
[White "Balogh, Csaba"]
[Black "Bressac, Stephane"]
[Result "1-0"]
[WhiteTitle "GM"]
[BlackTitle "FM"]
[WhiteElo "2660"]
[BlackElo "2286"]
[WhiteFideId "718939"]
[BlackFideId "655945"]
[EventDate "2014.10.18"]

1. e4 c5 2. Nf3 Nc6 3. Bb5 Nf6 4. Bxc6 dxc6 5. d3 g6 6. Be3 b6 7. h3 Bg7 8. Nbd2
O-O 9. O-O Re8 10. a3 a5 11. Rb1 e5 12. Nc4 Qc7 13. a4 Ba6 14. b3 Rad8 15. Qc1
Nh5 16. Bh6 Bxh6 17. Qxh6 f6 18. g3 b5 19. Ne3 c4 20. bxc4 bxc4 21. Nxc4 Bxc4
22. dxc4 Ng7 23. Qe3 Ne6 24. Rb6 Nd4 25. Rfb1 Nxc2 26. Qc5 Qd7 27. Kg2 Nd4 28.
Rb7 Ne6 29. Qa7 Qd3 30. Rxh7 Rf8 31. Rbb7 1-0

[Event "18th Oscaro.com Open 2014"]
[Site "Bastia FRA"]
[Date "2014.10.18"]
[Round "3.4"]
[White "Dragojlovic, Andjelko"]
[Black "Edouard, Romain"]
[Result "0-1"]
[WhiteTitle "IM"]
[BlackTitle "GM"]
[WhiteElo "2290"]
[BlackElo "2659"]
[WhiteFideId "918474"]
[BlackFideId "633429"]
[EventDate "2014.10.18"]

1. e4 c5 2. Nf3 e6 3. b3 Nf6 4. e5 Nd5 5. c4 Ne7 6. Bb2 Nbc6 7. h4 d6 8. exd6
Nf5 9. Nc3 Bxd6 10. Bd3 O-O 11. Ne4 Be7 12. Qe2 Ncd4 13. Nxd4 Nxd4 14. Qh5 g6
15. Qd1 f5 16. Ng5 e5 17. Bxd4 cxd4 18. c5 Bxg5 19. Bc4+ Kg7 20. hxg5 Qxg5 21.
Qe2 e4 22. d3 Bd7 23. O-O Bc6 24. Qb2 Rad8 25. Rae1 f4 26. dxe4 f3 27. g3 Qg4 0-1

[Event "18th Oscaro.com Open 2014"]
[Site "Bastia FRA"]
[Date "2014.10.18"]
[Round "3.6"]
[White "Brethes, Francois"]
[Black "Swiercz, Dariusz"]
[Result "0-1"]
[BlackTitle "GM"]
[WhiteElo "2276"]
[BlackElo "2614"]
[WhiteFideId "634522"]
[BlackFideId "1126881"]
[EventDate "2014.10.18"]

1. d4 Nf6 2. Nc3 d5 3. Bf4 e6 4. Nf3 Bd6 5. Ne5 O-O 6. e3 b6 7. Nb5 Ba6 8. c4
Bxb5 9. cxb5 Bb4+ 10. Ke2 Nh5 11. Rc1 Nxf4+ 12. exf4 Bd6 13. f3 a6 14. Kf2 axb5
15. Bxb5 Rxa2 16. Qb3 Ra5 17. Ra1 Bxe5 18. dxe5 c6 19. Rxa5 bxa5 20. Ba4 c5 21.
Qb5 c4 22. g3 Qc8 23. Rc1 Na6 24. Qxa5 Qb7 25. Qc3 Rb8 26. Rc2 Nb4 27. Rd2 Qa7+ 0-1

[Event "18th Oscaro.com Open 2014"]
[Site "Bastia FRA"]
[Date "2014.10.18"]
[Round "3.7"]
[White "Tregubov, Pavel V."]
[Black "Podvin, Francois-xavier"]
[Result "1-0"]
[WhiteTitle "GM"]
[WhiteElo "2607"]
[BlackElo "2179"]
[WhiteFideId "4115341"]
[BlackFideId "677540"]
[EventDate "2014.10.18"]

1. d4 Nf6 2. c4 c5 3. d5 e6 4. Nc3 exd5 5. cxd5 d6 6. Nf3 g6 7. Bf4 a6 8. a4 Bg7
9. h3 O-O 10. e3 Qe7 11. Be2 Nbd7 12. O-O Ne8 13. Nd2 Rb8 14. Re1 g5 15. Bh2 f5
16. Bf1 b5 17. axb5 axb5 18. Nxb5 Bxb2 19. Ra2 Bg7 20. Na7 Bb7 21. Nc4 Ne5 22.
Bxe5 Bxe5 23. Nc6 Bxc6 24. dxc6 Nf6 25. Nxe5 Qxe5 26. Ra7 Rf7 27. Qa4 Qe4 28.
Qa2 d5 29. Rxf7 Kxf7 30. Qa7+ 1-0

[Event "18th Oscaro.com Open 2014"]
[Site "Bastia FRA"]
[Date "2014.10.18"]
[Round "3.8"]
[White "Mihalj, Miroslav M"]
[Black "Ruck, Robert"]
[Result "0-1"]
[WhiteTitle "FM"]
[BlackTitle "GM"]
[WhiteElo "2226"]
[BlackElo "2568"]
[WhiteFideId "914495"]
[BlackFideId "705713"]
[EventDate "2014.10.18"]

1. d4 Nf6 2. Nf3 g6 3. c4 Bg7 4. Nc3 d5 5. e3 O-O 6. Qb3 e6 7. Bd2 b6 8. Rc1 Bb7
9. Be2 Nbd7 10. O-O c5 11. Rfd1 Qe7 12. Be1 dxc4 13. Bxc4 Bxf3 14. gxf3 cxd4 15.
Rxd4 Nc5 16. Qb5 Ne8 17. Qc6 Bxd4 18. Qxa8 Nd6 19. Qc6 Rc8 20. Qb5 0-1

[Event "18th Oscaro.com Open 2014"]
[Site "Bastia FRA"]
[Date "2014.10.18"]
[Round "4.1"]
[White "Horvath, Adam1"]
[Black "Saric, Ivan"]
[Result "0-1"]
[WhiteTitle "GM"]
[BlackTitle "GM"]
[WhiteElo "2539"]
[BlackElo "2678"]
[WhiteFideId "708003"]
[BlackFideId "14508150"]
[EventDate "2014.10.18"]

1. e4 c5 2. Nf3 d6 3. d4 cxd4 4. Nxd4 Nf6 5. Nc3 a6 6. h3 e6 7. g4 h6 8. Bg2 Qc7
9. Be3 b5 10. a4 b4 11. Nce2 Bb7 12. Ng3 d5 13. Qe2 dxe4 14. O-O-O Nbd7 15. Kb1
Nc5 16. Nb3 Nxa4 17. Bd4 Be7 18. Nxe4 Nxe4 19. Bxe4 Bxe4 20. Qxe4 O-O 21. f4
Rac8 22. g5 hxg5 23. fxg5 Qc6 24. Qe5 f6 25. gxf6 Bxf6 26. Qe2 e5 27. Be3 Nb6
28. Rhg1 Nc4 29. Bh6 a5 30. Rg6 Rf7 31. Rdg1 a4 32. Qg4 axb3 33. Rxf6 Nd2+ 0-1

[Event "18th Oscaro.com Open 2014"]
[Site "Bastia FRA"]
[Date "2014.10.18"]
[Round "4.2"]
[White "Fedorchuk, Sergey A."]
[Black "Dourerassou, Jonathan"]
[Result "1-0"]
[WhiteTitle "GM"]
[BlackTitle "IM"]
[WhiteElo "2673"]
[BlackElo "2473"]
[WhiteFideId "14102536"]
[BlackFideId "628050"]
[EventDate "2014.10.18"]

1. e4 c5 2. Nf3 Nc6 3. Bb5 d6 4. O-O Bd7 5. Re1 Nf6 6. c3 a6 7. Bf1 Bg4 8. h3
Bh5 9. d4 Bxf3 10. gxf3 e5 11. Qb3 Qc7 12. d5 Nb8 13. f4 Nbd7 14. Qd1 Be7 15.
fxe5 dxe5 16. Nd2 O-O 17. Nc4 Ne8 18. Qg4 b5 19. Ne3 Ndf6 20. Qg2 Nd6 21. Bd3 c4
22. Bc2 Qd7 23. Kh2 Bd8 24. Rg1 g6 25. Qf3 Kh8 26. a4 Rb8 27. axb5 axb5 28. Ra6
Nh5 29. Nf5 Nxf5 30. exf5 Bc7 31. Kh1 Nf4 32. d6 Bb6 33. Bxf4 exf4 34. Qxf4 Qb7+
35. Be4 Qxa6 36. fxg6 fxg6 37. Qe5+ Kg8 38. Bxg6 1-0

[Event "18th Oscaro.com Open 2014"]
[Site "Bastia FRA"]
[Date "2014.10.18"]
[Round "4.4"]
[White "Edouard, Romain"]
[Black "Dimitrov, Radoslav"]
[Result "0-1"]
[WhiteTitle "GM"]
[BlackTitle "IM"]
[WhiteElo "2659"]
[BlackElo "2445"]
[WhiteFideId "633429"]
[BlackFideId "2908549"]
[EventDate "2014.10.18"]

1. d4 Nf6 2. c4 e6 3. Nc3 Bb4 4. Nf3 b6 5. Qb3 a5 6. g3 Bb7 7. Bg2 Ne4 8. O-O
Bxc3 9. bxc3 Qc8 10. Qc2 O-O 11. d5 f5 12. Nd4 Na6 13. Ba3 Re8 14. Rab1 g6 15.
f3 Nec5 16. e4 Qd8 17. Rbd1 Qf6 18. Nb5 d6 19. Bxc5 bxc5 20. Qa4 exd5 21. cxd5
fxe4 22. fxe4 Qe7 23. Qxa5 Bc8 24. c4 Bg4 25. Rde1 Qe5 26. Qd2 Kg7 27. Rf4 Bd7
28. Ref1 Re7 29. Qf2 Bxb5 30. cxb5 Nb4 31. Rf8 Nd3 32. Rf7+ Rxf7 33. Qxf7+ Kh6
34. g4 Rxa2 35. h4 Qd4+ 36. Kh1 Nf2+ 37. Kh2 Nxg4+ 38. Kh3 Qe3+ 39. Rf3 Nf2+ 40.
Kh2 Ng4+ 41. Kh3 Nf2+ 42. Kg3 Nxe4+ 43. Kh2 Qd2 44. Qf4+ 0-1

[Event "18th Oscaro.com Open 2014"]
[Site "Bastia FRA"]
[Date "2014.10.18"]
[Round "4.5"]
[White "Meszaros, Tamas"]
[Black "Kovalenko, Igor"]
[Result "0-1"]
[WhiteTitle "IM"]
[BlackTitle "GM"]
[WhiteElo "2424"]
[BlackElo "2650"]
[WhiteFideId "717410"]
[BlackFideId "14117908"]
[EventDate "2014.10.18"]

1. e4 c6 2. d4 d5 3. e5 Bf5 4. Nd2 e6 5. Nb3 c5 6. Nxc5 Bxc5 7. dxc5 Qa5+ 8. c3
Qxc5 9. Nf3 Qc7 10. Bb5+ Nc6 11. O-O Ne7 12. Re1 O-O 13. Nd4 Bg6 14. Bf4 Qb6 15.
Bxc6 bxc6 16. Qd2 c5 17. Ne2 a5 18. Ng3 Rfb8 19. Re2 Rb7 20. h4 h5 21. Bg5 Nc6
22. Qf4 Rab8 23. Qf3 Qc7 24. Nxh5 Nxe5 25. Qg3 Nd3 26. Nf4 Kh7 27. h5 Bf5 28.
Qh4 Nxf4 29. Bxf4 Qd8 30. Qg3 Rxb2 31. Re5 Rb1+ 32. Rxb1 Rxb1+ 33. Kh2 Rb7 34.
h6 f6 35. Re1 g5 36. Bd6 Kxh6 37. f3 c4 38. Bc5 Kg6 39. Bd4 a4 40. Kg1 e5 41.
Be3 Qb8 42. Qf2 Rb2 43. Re2 a3 44. Rd2 Rb1+ 45. Kh2 Qh8+ 0-1

[Event "18th Oscaro.com Open 2014"]
[Site "Bastia FRA"]
[Date "2014.10.18"]
[Round "4.6"]
[White "Swiercz, Dariusz"]
[Black "Skomorokhin, Roman"]
[Result "1-0"]
[WhiteTitle "GM"]
[BlackTitle "IM"]
[WhiteElo "2614"]
[BlackElo "2364"]
[WhiteFideId "1126881"]
[BlackFideId "4112610"]
[EventDate "2014.10.18"]

1. e4 d6 2. d4 Nf6 3. Nc3 e5 4. Nf3 Nbd7 5. Bc4 Be7 6. O-O O-O 7. a4 c6 8. Re1
b6 9. d5 c5 10. a5 bxa5 11. Bd2 Nb6 12. Bb5 Bg4 13. h3 Bh5 14. Qe2 Ne8 15. Bc6
Rb8 16. Nb5 a6 17. Na3 a4 18. Ba5 Qc8 19. Bxb6 Rxb6 20. Nc4 Rb8 21. Qd3 Bg6 22.
Rxa4 Nc7 23. Nfxe5 dxe5 24. d6 Bxd6 25. Qxd6 Nb5 26. Qxc5 f6 27. Nb6 Qd8 28. Nd7
Rc8 29. Nxf8 Qxf8 30. Bd5+ Bf7 31. Bxf7+ Kxf7 32. Qd5+ 1-0

[Event "18th Oscaro.com Open 2014"]
[Site "Bastia FRA"]
[Date "2014.10.18"]
[Round "4.7"]
[White "Djuric, Stefan"]
[Black "Tregubov, Pavel V."]
[Result "1/2-1/2"]
[WhiteTitle "GM"]
[BlackTitle "GM"]
[WhiteElo "2397"]
[BlackElo "2607"]
[WhiteFideId "900133"]
[BlackFideId "4115341"]
[EventDate "2014.10.18"]

1. c4 Nf6 2. Nf3 e6 3. Nc3 d5 4. d4 c5 5. cxd5 Nxd5 6. e3 Nc6 7. Bd3 Be7 8. O-O
O-O 9. Re1 b6 10. Nxd5 exd5 11. h3 c4 12. Bb1 Bb7 13. e4 dxe4 14. Bxe4 f5 15.
Bxc6 Bxc6 16. Ne5 Bd5 17. Qa4 Qc7 18. Bf4 Bd6 19. Rac1 Qb7 20. Ng6 b5 21. Qa5
Rf6 22. Bxd6 Rxg6 23. Re7 Qc6 24. Qc7 Bxg2 25. Bg3 Qxc7 26. Rxc7 Be4 27. Kf1 h6
28. Ke2 Rf8 29. Ke3 Rf7 30. Rc8+ Kh7 31. b3 Bd3 32. Be5 f4+ 33. Bxf4 Rgf6 34.
Bg3 Rf3+ 35. Kd2 Rd7 36. Kc3 cxb3 37. axb3 Bf5+ 38. Kb2 Rxd4 39. R8c3 Rd2+ 40.
Ka1 Rxc3 41. Rxc3 Bxh3 42. b4 Be6 43. Kb1 Bf5+ 44. Kc1 Rd4 45. Rb3 Rc4+ 46. Kd2
g5 47. Ke3 Kg6 48. Ra3 Rxb4 49. Rxa7 Rb3+ 50. Kd4 Rb4+ 51. Kc5 Re4 52. Kxb5 h5
53. Ra6+ Be6 54. Kc5 h4 55. Bd6 Rc4+ 56. Kb5 Kf5 57. Ra8 Rc2 58. Rf8+ Kg4 59.
Be5 Bf5 60. f3+ Kxf3 61. Rxf5+ Ke4 62. Rxg5 h3 63. Rh5 Rd2 64. Bc7 Rd5+ 65. Rxd5
Kxd5 1/2-1/2